000 00633nam a2200277Ia 4500
005 20260324150100.0
008 008 260324s9999 xx 000 0 eng d
020 _a9780203011355
037 _aEBOOK
040 _aCRL
040 _beng
040 _cCRL
041 _2eng
041 _aeng
084 _qCRL
100 _aErnest Gellner
_91215680
245 4 _aThe Devil in Modern Philosophy
260 _bTaylor and Francis
260 _c1974
365 _a
365 _b420
856 _uhttp://www.taylorfrancis.com/books/9780203011355
942 _cEBOOK
999 _c1834051
_d1834051